<?xml version="1.0" encoding="UTF-8"?>
<record
    xmlns:xsi="http://www.w3.org/2001/XMLSchema-instance"
    xsi:schemaLocation="http://www.loc.gov/MARC21/slim http://www.loc.gov/standards/marcxml/schema/MARC21slim.xsd"
    xmlns="http://www.loc.gov/MARC21/slim">

  <leader>01128nam a22002655a 4500</leader>
  <controlfield tag="003">OSt</controlfield>
  <controlfield tag="005">20180214151418.0</controlfield>
  <controlfield tag="008">180214s2001    ua     grbi   000 0 ara d</controlfield>
  <datafield tag="017" ind1=" " ind2=" ">
    <subfield code="a">2001 / 15619</subfield>
  </datafield>
  <datafield tag="020" ind1=" " ind2=" ">
    <subfield code="a">9770175633</subfield>
  </datafield>
  <datafield tag="040" ind1=" " ind2=" ">
    <subfield code="a">EG-ScBUE</subfield>
    <subfield code="b">ara</subfield>
    <subfield code="c">EG-ScBUE</subfield>
  </datafield>
  <datafield tag="043" ind1=" " ind2=" ">
    <subfield code="a">f-ua---</subfield>
  </datafield>
  <datafield tag="082" ind1="0" ind2="4">
    <subfield code="a">320.8540962016</subfield>
    <subfield code="b">&#x62C; &#x648; &#x627;</subfield>
    <subfield code="2">22</subfield>
  </datafield>
  <datafield tag="100" ind1="1" ind2=" ">
    <subfield code="a">&#x62C;&#x648;&#x627;&#x62F;&#x64A;&#x60C; &#x645;&#x62D;&#x645;&#x62F;.</subfield>
  </datafield>
  <datafield tag="245" ind1="1" ind2="2">
    <subfield code="a">&#x627;&#x644;&#x645;&#x62D;&#x627;&#x641;&#x638;&#x648;&#x646; :</subfield>
    <subfield code="b">&#x642;&#x648;&#x627;&#x626;&#x645; &#x643;&#x627;&#x645;&#x644;&#x629; &#x648;&#x62A;&#x631;&#x62A;&#x64A;&#x628;&#x64A;&#x629; &#x648;&#x641;&#x647;&#x627;&#x631;&#x633; &#x62A;&#x641;&#x635;&#x64A;&#x644;&#x64A;&#x629; &#x648;&#x623;&#x628;&#x62C;&#x62F;&#x64A;&#x629; &#x648;&#x632;&#x645;&#x646;&#x64A;&#x629; &#x648;&#x62F;&#x631;&#x627;&#x633;&#x629; &#x644;&#x62A;&#x633;&#x644;&#x633;&#x644; &#x648;&#x62A;&#x637;&#x648;&#x631; &#x627;&#x62E;&#x62A;&#x64A;&#x627;&#x631; &#x627;&#x644;&#x645;&#x62D;&#x627;&#x641;&#x638;&#x64A;&#x646; &#x645;&#x646;&#x630; &#x628;&#x62F;&#x621; &#x646;&#x638;&#x627;&#x645; &#x627;&#x644;&#x625;&#x62F;&#x627;&#x631;&#x629; &#x627;&#x644;&#x645;&#x62D;&#x644;&#x64A;&#x629;&#x60C; 1960 - 2001 /</subfield>
    <subfield code="c">&#x645;&#x62D;&#x645;&#x62F; &#x627;&#x644;&#x62C;&#x648;&#x627;&#x62F;&#x64A;.</subfield>
  </datafield>
  <datafield tag="260" ind1=" " ind2=" ">
    <subfield code="a">&#x627;&#x644;&#x642;&#x627;&#x647;&#x631;&#x629; :</subfield>
    <subfield code="b">&#x627;&#x644;&#x647;&#x64A;&#x626;&#x629; &#x627;&#x644;&#x645;&#x635;&#x631;&#x64A;&#x629; &#x627;&#x644;&#x639;&#x627;&#x645;&#x629; &#x644;&#x644;&#x643;&#x62A;&#x627;&#x628;&#x60C;</subfield>
    <subfield code="c">2001.</subfield>
  </datafield>
  <datafield tag="300" ind1=" " ind2=" ">
    <subfield code="a">495 &#x635;. &#x61B;</subfield>
    <subfield code="c">24 &#x633;&#x645;.</subfield>
  </datafield>
  <datafield tag="500" ind1=" " ind2=" ">
    <subfield code="a">&#x64A;&#x634;&#x62A;&#x645;&#x644; &#x639;&#x644;&#x649; &#x645;&#x644;&#x627;&#x62D;&#x642;.</subfield>
  </datafield>
  <datafield tag="504" ind1=" " ind2=" ">
    <subfield code="a">&#x64A;&#x634;&#x62A;&#x645;&#x644; &#x639;&#x644;&#x649; &#x625;&#x631;&#x62C;&#x627;&#x639;&#x627;&#x62A; &#x628;&#x628;&#x644;&#x64A;&#x648;&#x62C;&#x631;&#x627;&#x641;&#x64A;&#x629;.</subfield>
  </datafield>
  <datafield tag="650" ind1=" " ind2="7">
    <subfield code="a">&#x627;&#x644;&#x645;&#x62D;&#x627;&#x641;&#x638;&#x648;&#x646;</subfield>
    <subfield code="z">&#x645;&#x635;&#x631;.</subfield>
    <subfield code="v">&#x643;&#x634;&#x627;&#x641;&#x627;&#x62A;.</subfield>
    <subfield code="2">BUEsh</subfield>
  </datafield>
  <datafield tag="650" ind1=" " ind2="7">
    <subfield code="a">&#x627;&#x644;&#x645;&#x62D;&#x627;&#x641;&#x638;&#x648;&#x646;</subfield>
    <subfield code="x">&#x627;&#x62E;&#x62A;&#x64A;&#x627;&#x631; &#x648;&#x62A;&#x639;&#x64A;&#x64A;&#x646;</subfield>
    <subfield code="z">&#x645;&#x635;&#x631;.</subfield>
    <subfield code="2">BUEsh</subfield>
  </datafield>
  <datafield tag="651" ind1=" " ind2=" ">
    <subfield code="2">BUEsh</subfield>
  </datafield>
  <datafield tag="653" ind1=" " ind2=" ">
    <subfield code="b">GGEN</subfield>
    <subfield code="c">February2018</subfield>
  </datafield>
  <datafield tag="942" ind1=" " ind2=" ">
    <subfield code="2">ddc</subfield>
  </datafield>
  <datafield tag="999" ind1=" " ind2=" ">
    <subfield code="c">26141</subfield>
    <subfield code="d">26113</subfield>
  </datafield>
  <datafield tag="952" ind1=" " ind2=" ">
    <subfield code="0">0</subfield>
    <subfield code="1">0</subfield>
    <subfield code="2">ddc</subfield>
    <subfield code="4">0</subfield>
    <subfield code="7">0</subfield>
    <subfield code="a">MAIN</subfield>
    <subfield code="b">MAIN</subfield>
    <subfield code="c">1ST</subfield>
    <subfield code="d">2018-02-14</subfield>
    <subfield code="o">320.8540962016 &#x62C; &#x648; &#x627;</subfield>
    <subfield code="p">000042954</subfield>
    <subfield code="r">2025-07-15 00:00:00</subfield>
    <subfield code="y">BB</subfield>
  </datafield>
</record>
